000
00276nam a22001097a 4500
082
_a
001
100
_a
Kiran Pub.
_9
79927
245
_a
SSC General Awareness Solved Papers 14300+
260
_a
Delhi
_b
Kiran Publication
_c
2023
650
_a
General Awareness
_9
81909
942
_c
BK
999
_c
66111
_d
66111